Регионална библиотека "Любен Каравелов" - Русе

Ултрамодерна история (Запис номер 75860)

MARC детайли
000 -Лидер
Контролно поле с фиксирана дължина 01720nam a2200349 c 4500
003 - Код на организацията, давaща контролен номер
Контролно поле BLK
005 - Дата и час на последна редакция
Контролно поле 20180422103536.0
008 - Елементи от данни с фиксирана дължина
fixed length control field 180408b bul|||||r ||||||| ||bul||
010 ## - Наследен системен номер
LC control number KNG00080282000
020 ## - Международен стандартен номер на книга ISBN
Международен стандартен номер на книга ISBN 978-954-527-359-9
-- издат.: Дамян Яков
040 ## - Източник на каталожния запис
Идентификатор на билиотеката - собственик на записа BLK
041 ## - Код за език
Код за езика на текст/звукозапис или на отделно заглавие Български
Код за езика КДБФ Български
080 ## - УДК
Текстов определител УДК Изобретения и открития. Изобретателство. Рационализации. Патенти. Промишлени образци. Вж и 347.77
УДК код - определител по УДК 001.894
УДК определител (100)(091)(02.062)
УДК - код + определител 001.894(100)(091)(02.062)
139 ## - Редно поле
Редна дума Ултрамодерна история
Авторски знак Улм - У 53
245 10 - Сведения за заглавието
Заглавие Ултрамодерна история
Подзаглавни данни История на ситуационните комедии, скейтбордовете, микровълните и порното, без да споменаваме др. свежи неща на планетата
Редно поле (дума) прев. Гергана Тянева; прев. Диляна Дамянова Якова; прев. Снежинка Иванова.
257 ## - Страна на издаване
Страна на създаване/издаване Швеция
260 ## - Област на издателските данни
-- София
Име на издателя, разпространителя и проч. Дамян Яков
Година на издаване 2007
Печатница В. Търново : Абагар
300 ## - Физическа характеристика
Страници 239 с.
Размери/Мащаб 17 см
380 ## - Жанр
Жанр Техника
500 ## - Общи забележки
Забележка Ориг. загл. Ultramodern History
650 #4 - Допълнително описание по предмет – тема
Основно описание – тема или топоним Изобретения - история
9 (RLIN) 244564
653 ## - Ключова дума – ненормативна
Ключова дума изобретения
653 ## - Ключова дума – ненормативна
Ключова дума история
700 1# - Други автори (авторска отговорност)
Лично име Тянева, Гергана
Автороска отговорност (Описва отношението между автора и произведението) прев.
9 (RLIN) 297639
700 1# - Други автори (авторска отговорност)
Лично име Якова, Диляна Дамянова
Автороска отговорност (Описва отношението между автора и произведението) прев.
9 (RLIN) 283772
700 1# - Други автори (авторска отговорност)
Лично име Иванова, Снежинка
Автороска отговорност (Описва отношението между автора и произведението) прев.
9 (RLIN) 368491
852 ## - Местоположение
Форматна сигнатура Цб І 32838
856 4# - Електронен адрес и достъп
Електронен формат pdf - файл
Път до файла /url/
856 4# - Електронен адрес и достъп
Електронен формат pdf - файл
Път до файла /url/
942 ## - АРТИКУЛИ
Вид на библиотечния материал Книги
Скрит в OPAC Не
944 ## - СЪЗДАВАНЕ И РЕДАКЦИЯ на ЗАПИСА
Създаване/Редакция Създаване
Дата на регистрацията/редакция 07.01.2008
Служител, извършил регистрацията/редакцията Геновева_Генчева
944 ## - СЪЗДАВАНЕ И РЕДАКЦИЯ на ЗАПИСА
Създаване/Редакция Редакция
Дата на регистрацията/редакция 20.10.2008
Служител, извършил регистрацията/редакцията
999 ## - СИСТЕМНИ КОНТРОЛНИ НОМЕРА
Koha biblionumber 75860
Koha biblioitemnumber 75860
Наличности
Код за отписване Код за изгубен артикул Код за повреда Коз за рестрикции Код за отдаване Артикулен № Име на библиотеката - собственик Име на библиотеката, в която се намира в момента Статус (Текущо местоположение) Дата на вписване в системата Местоположение - отдел Цена в лева Инвентарен номер Систематично азбучна сигнатура Баркод Номер на екземпляра Цена в евро Служебна бележка Служебен тип на артикула
  Не е изгубен Не е повреден без рестрикции заемане за дома 123358 Регионална библиотека "Любен Каравелов" Русе Регионална библиотека "Любен Каравелов" Русе Заемна - подръчен фонд 2007-12-21 Заемна - подръчен фонд 6.00 120000721705 П 0/У 53 120000721705 1 3.07 Дост: Pk Вид: Ф N: 13343 Дата: 17.12.2007 Дата инв: 01.02.2018 Бележки инв: П2018 Книги
  Не е изгубен Не е повреден без рестрикции ползва се в читалня 123359 Регионална библиотека "Любен Каравелов" Русе Регионална библиотека "Любен Каравелов" Русе Читалня 2007-12-21 Читалня 6.00 120000721706 Ч 0/У 53 120000721706 2 3.07 Дост: Pk Вид: Ф N: 13343 Дата: 17.12.2007 Дата инв: 21.03.2017 Бележки инв: Ч2017 Книги
  Не е изгубен Не е повреден без рестрикции ползва се в читалня 123360 Регионална библиотека "Любен Каравелов" Русе Регионална библиотека "Любен Каравелов" Русе Хранилище 2008-08-29 Хранилище 6.00 120000728445 Цб І 32838 120000728445 3 3.07 Дост: Dp Вид: Д N: 23 Дата: 21.05.2008 Книги
Vip Innovations Ltd, Rousse, Bulgaria 2025